书目信息 |
| 题名: |
微生物工程
|
|
| 作者: | 焦瑞身 主编 | |
| 分册: | ||
| 出版信息: | 北京 化学工业出版社 2003 |
|
| 页数: | 558页 | |
| 开本: | 26cm | |
| 丛书名: | 现代生物技术丛书 | |
| 单 册: | ||
| 中图分类: | TQ92 | |
| 科图分类: | ||
| 主题词: | 微生物--生物工程 , 微生物 , 生物工程 | |
| 电子资源: | ||
| ISBN: | 7-5025-4100-4 | |
| 000 | 00944oam2 2200289 450 | |
| 001 | 012007226367 | |
| 005 | 20070517114737.81 | |
| 010 | @a7-5025-4100-4@dCNY78.00 | |
| 100 | @a20070512d2003 km y0chiy0120 ea | |
| 101 | 0 | @achi |
| 102 | @aCN@b110000 | |
| 105 | @ay z 000yy | |
| 106 | @ar | |
| 200 | 1 | @a微生物工程@Awei sheng wu gong cheng@f焦瑞身主编@Fjiao rui shen zhu bian |
| 210 | @a北京@c化学工业出版社@d2003 | |
| 215 | @a558页@d26cm | |
| 225 | 2 | @a现代生物技术丛书 |
| 300 | @a“十五”国家重点图书 | |
| 330 | @a本书对每一产物的基本性质、发酵工艺和代谢调控、产品分离提纯等进行了详尽的介绍,重点阐述了微生物菌种改造以及微生物代谢工程等近年来发展很快、对传统微生物技术影响很大的新技术领域。 | |
| 461 | 0 | @12001 @a现代生物技术丛书 |
| 606 | 0 | @a微生物@x生物工程 |
| 606 | 0 | @a微生物 |
| 606 | 0 | @a生物工程 |
| 690 | @aTQ92@v4 | |
| 701 | 0 | @a焦瑞身@Ajiao rui shen@4主编 |
| 801 | 0 | @aCN@bRULIN@c20070517 |
| 905 | @dTQ92@e14@s8 | |
| 微生物工程/焦瑞身主编.-北京:化学工业出版社,2003 |
| 558页;26cm.-(现代生物技术丛书) |
| “十五”国家重点图书 |
| ISBN 7-5025-4100-4:CNY78.00 |
| 本书对每一产物的基本性质、发酵工艺和代谢调控、产品分离提纯等进行了详尽的介绍,重点阐述了微生物菌种改造以及微生物代谢工程等近年来发展很快、对传统微生物技术影响很大的新技术领域。 |
| ● |
| 相关链接 |
|
|
|
|
正题名:微生物工程
索取号:TQ92/14
 
预约/预借
| 序号 | 登录号 | 条形码 | 馆藏地/架位号 | 状态 | 备注 |
| 1 | 0574427 | 205744275 | 第二样本阅览室/ [索取号:TQ92/14] | 在馆 | |
| 2 | 0574428 | 205744284 | 第三借阅区/ [索取号:TQ92/14] | 在馆 | |
| 3 | 0574429 | 205744293 | 第三借阅区/ [索取号:TQ92/14] | 在馆 | |
| 4 | 0574430 | 205744300 | 第三借阅区/ [索取号:TQ92/14] | 在馆 | |
| 5 | 0574431 | 205744319 | 第三借阅区/ [索取号:TQ92/14] | 在馆 | |
| 6 | 0574432 | 205744328 | 第三借阅区/ [索取号:TQ92/14] | 在馆 | |
| 7 | 0574433 | 205744337 | 第三借阅区/ [索取号:TQ92/14] | 在馆 | |
| 8 | 0574434 | 205744346 | 第三借阅区/ [索取号:TQ92/14] | 在馆 |